000 01043cad a22001935a 4500
001 L154546
008 111220e2011 xxk 000 0 eng d
035 _a(Sirsi) u154546
041 0 _aeng
110 2 _aUnited Kingdom
_bDepartment for Environment, Food and Rural Affairs
245 0 0 _aEnergy firms' climate change plans will keep Britain's lights on
_h[electronic resource]
260 _c2011
520 _aDefra publishes energy companies plans to protect UK power supply from the impacts of climate change. The reports show that the energy sector is making good progress in planning for the various risks but more work is needed in future years to protect existing infrastructure assets and new projects.
590 _aKA NTK
651 4 _aUnited Kingdom
690 _aENVIRONMENTAL AND LAND CONSULTANCY-ENERGY-ENERGY USE-ENERGY EFFICIENCY
856 4 0 _uhttps://www.defra.gov.uk/news/2011/12/10/energy-firms%e2%80%99-climate-change-plans-will-keep-britains-lights-on/
_zView the item free of charge at www.defra.gov.uk
942 _n0
999 _c83658
_d83658